[Event "THA-chT"]
[Site "Bangkok"]
[Date "2019.12.17"]
[Round "3.3"]
[White "Lumidao, Mervin"]
[Black "Nakvanich, Sahapol"]
[Result "1-0"]
[WhiteElo "2135"]
[BlackElo "1809"]
[PlyCount "75"]
[EventDate "2019.12.16"]
[EventType "team-swiss"]
[EventRounds "9"]
[EventCountry "THA"]
[SourceTitle "CBM 194 Extra"]
[Source "ChessBase"]
[SourceDate "2020.03.31"]
[SourceVersion "1"]
[SourceVersionDate "2020.03.31"]
[SourceQuality "1"]
[WhiteTeam "JCA Alpha"]
[BlackTeam "East Bangapi"]
[WhiteTeamCountry "THA"]
[BlackTeamCountry "THA"]

1. d4 Nf6 2. Nf3 g6 3. Bf4 d6 4. e3 Bg7 5. Be2 0-0 6. 0-0 c5 7. c3 Nh5 8. Bg5 h6 9. Bh4 cxd4 10. cxd4 Nc6 11. Nc3 d5 12. Rc1 Nf6 13. Ne5 e6 14. Nxc6 bxc6 15. Na4 Qd6 16. Bg3 Qd7 17. Nc5 Qe8 18. Bd6 Nd7 19. Na6 Qd8 20. Rxc6 Bb7 21. Rc1 Bxa6 22. Bxa6 Qb6 23. Bxf8 Rxf8 24. Qe2 Nf6 25. Rc2 Kh7 26. Rfc1 Ne4 27. Rc7 e5 28. R7c6 Qd8 29. f3 Nd6 30. dxe5 Bxe5 31. Bd3 Re8 32. Qf2 Qf6 33. f4 Bxb2 34. Rxd6 Qxd6 35. Qxb2 Rxe3 36. Qd4 Qe6 37. f5 Re1+ 38. Kf2 1-0

[Event "Bangkok blitz"]
[Site "Bangkok"]
[Date "2014.04.15"]
[Round "11"]
[White "Causo, Deniel"]
[Black "Lumidao, Mervin"]
[Result "0-1"]
[WhiteElo "2293"]
[BlackElo "2103"]
[PlyCount "76"]
[EventDate "2014.04.15"]
[EventType "tourn (blitz)"]
[EventRounds "15"]
[EventCountry "THA"]
[SourceTitle "EXT 2016"]
[Source "ChessBase"]
[SourceDate "2015.10.08"]
[SourceVersion "1"]
[SourceVersionDate "2015.10.08"]
[SourceQuality "1"]

1. e4 e6 2. Nf3 c5 3. d4 cxd4 4. c3 d3 5. Bxd3 Be7 6. 0-0 Nc6 7. e5 g5 8. Qe2 h6 9. Nbd2 d6 10. exd6 Qxd6 11. Nc4 Qc7 12. Re1 Bd7 13. Nfe5 Nf6 14. f4 Nxe5 15. fxe5 Nd5 16. a4 0-0-0 17. a5 Bc6 18. Kh1 Kb8 19. Rf1 Rdf8 20. Bd2 h5 21. b4 h4 22. h3 g4 23. Qxg4 Rhg8 24. Qe2 Nxc3 25. Bxc3 Rxg2 26. Qxg2 Bxg2+ 27. Kxg2 Rg8+ 28. Kh2 Rg3 29. Rad1 Qc6 30. Rf2 Qa4 31. Nb2 Qb3 32. Rc1 Bxb4 33. Bxb4 Qxb4 34. Rfc2 a6 35. Rf2 Qd4 36. Re2 Qf4 37. Rc4 Qf1 38. Rc8+ Ka7 0-1

[Event "Bangkok blitz"]
[Site "Bangkok"]
[Date "2014.04.15"]
[Round "4"]
[White "Lumidao, Mervin"]
[Black "Rohan, Ahuja"]
[Result "1-0"]
[WhiteElo "2103"]
[BlackElo "2031"]
[PlyCount "103"]
[EventDate "2014.04.15"]
[EventType "tourn (blitz)"]
[EventRounds "15"]
[EventCountry "THA"]
[SourceTitle "EXT 2016"]
[Source "ChessBase"]
[SourceDate "2015.10.08"]
[SourceVersion "1"]
[SourceVersionDate "2015.10.08"]
[SourceQuality "1"]

1. d4 Nf6 2. Nf3 g6 3. Bf4 Bg7 4. e3 0-0 5. h3 c5 6. c3 Qb6 7. Qc1 d6 8. Nbd2 cxd4 9. exd4 Nc6 10. Nc4 Qc7 11. Be2 b5 12. Ne3 a6 13. 0-0 Bb7 14. Re1 e5 15. Bh2 Rfe8 16. Bf1 Rac8 17. dxe5 dxe5 18. a4 bxa4 19. Nc4 Nd7 20. Qe3 a5 21. Red1 Rcd8 22. Nd6 Re6 23. Nb5 Qb6 24. Ng5 Qxe3 25. fxe3 Re7 26. Nd6 Nb6 27. Nxb7 Rxb7 28. Bb5 Rxd1+ 29. Rxd1 Na7 30. Rd8+ Bf8 31. Be8 Re7 32. Bg3 Kg7 33. Nxf7 Nc4 34. Ng5 Nxb2 35. Nf3 Nc4 36. Bxa4 Nb6 37. Bb3 a4 38. Ba2 Nc6 39. Rd6 Rc7 40. Re6 Rc8 41. Nxe5 Nd8 42. Rxb6 Rxc3 43. Nd7 Rc1+ 44. Kh2 Rc2 45. Be5+ Kh6 46. Bb1 Re2 47. Nxf8 a3 48. Ra6 Rb2 49. Bxb2 axb2 50. Rb6 Nf7 51. Rxb2 Ne5 52. Rb7 1-0